LEADER 02276nam1 22004813i 450 001 SBL0333765 005 20251003044352.0 100 $a19910930g19791981||||0itac50 ba 101 | $aita 102 $ait 181 1$6z01$ai $bxxxe 182 1$6z01$an 183 1$6z01$anc$2RDAcarrier 200 1 $aˆIl ‰sistema delle autonomie: rapporti tra Stato e Società civile$ericerca promossa dal Consiglio regionale della Toscana in occasione del 30. della Repubblica e della Costituzione, sotto l'alto patrocinio della Presidenza della Camera dei Deputati 210 $aBologna$cIl Mulino$d1979-1981 215 $a13 volumi (in più parti)$d22 cm 225 | $aTemi e discussioni 300 $aTitolo della pagina contro il frontespizio 410 0$1001CFI0006595$12001 $aTemi e discussioni 462 1$1001SBL0333766$12001 $aStudi.$v1 462 1$1001SBL0333768$12001 $aDocumenti. 462 1$1001SBL0333770$12001 $aStrumenti. 606 $aItalia$xCostituzioni politiche$x1948$2FIR$3CFIC004369$9E 606 $aItalia$xStoria$x1945-1948$2FIR$3SBLC010399$9I 606 $aAutonomia locale$xCostituzione italiana$2FIR$3SBLC043265$9I 606 $aItalia$xAssemblea costituente <1946-1948>$2FIR$3CFIC048133$9I 606 $aItalia$xAssemblea costituente <1946-1948>$2FIR$3CFIC048133$9I 676 $a342.45$9DIRITTO COSTITUZIONALE E AMMINISTRATIVO. ITALIA$v20 676 $a342.4502$9COSTITUZIONE E ALTRI STRUMENTI FONDAMENTALI DI GOVERNO$v19 676 $a342.45042$9DIRITTO COSTITUZIONALE. LIVELLI DELLO STATO. ITALIA$v21 712 02$aToscana$b : Consiglio Regionale$3CFIV343041 801 3$aIT$bIT-000000$c19910930 850 $aIT-BN0095 $aIT-AV0002 $aIT-AV0007 $aIT-NA0079 $aIT-NA0581 $aIT-NA0230 $aIT-NA0817 $aIT-NA0580 901 $bNAP SP$cF. MAZ. $nDono del Centro Napoletano di Studi Mazziniani 901 $bNAP AV$cSULLO $n$ 901 $bNAP AV$cSEZ. M $nSezione Moderna 901 $bNAP BN$cS.C. $n$ 901 $bNAP AV$cMANCINO $n$ 912 $aSBL0333765 967 $m3 977 $a 01$a AI$a AV$a BN$a FC$a IR$a OS$a PS$a SP 996 $aSistema delle autonomie: rapporti tra Stato e societa civile$966923 997 $aUNISANNIO